| 000 | 00782nam a22002297a 4500 | ||
|---|---|---|---|
| 005 | 20140917152328.0 | ||
| 010 | _aENG-110829 | ||
| 020 |
_a9788132118473 _c895.00 |
||
| 035 | _aEN-94361 | ||
| 037 | _bDBAD/PUB | ||
| 082 | _a320.954 | ||
| 100 | _aGudavarthy, Ajay | ||
| 245 |
_aMaoism, democracy and globalisation : _c by Ajay Gudavarthy _bcross-currents in Indian politics / |
||
| 260 |
_aNew Delhi _bSAGE Publications _c2014 |
||
| 270 |
_aB1/I-1 Mohan Cooperative Industrial Area Mathura Road _bNew Delhi _e110044 |
||
| 300 |
_axii,243p. : _c23cm(Hb) _bill. |
||
| 500 | _aIncludes bibliographical references and index | ||
| 650 |
_aCommunism _zIndia. |
||
| 650 |
_aDemocracy _zIndia. |
||
| 650 |
_a Globalization _zIndia. |
||
| 942 |
_2ddc _cEN _mGUD _h320.954 |
||
| 999 |
_c88543 _d88543 |
||